UBT Library

Home Wiring (Record no. 51210)

000 -LEADER
fixed length control field 00248nam a22001217a 4500
008 - FIXED-LENGTH DATA ELEMENTS--GENERAL INFORMATION
fixed length control field 181031b xxu||||| |||| 00| 0 eng d
041 ## - LANGUAGE CODE
Language code of text/sound track or separate title eng
080 ## - UNIVERSAL DECIMAL CLASSIFICATION NUMBER
Universal Decimal Classification number 721
100 ## - Rafti
Rafti 42
101 ## - Shkurtesa
Shkurtesa NDE
245 ## - TITLE STATEMENT
Title Home Wiring
Statement of responsibility, etc Cary,D
942 ## - ADDED ENTRY ELEMENTS (KOHA)
Source of classification or shelving scheme
Item type Books
Holdings
Withdrawn status Lost status Source of classification or shelving scheme Damaged status Not for loan Collection code Permanent location Current location Shelving location Date acquired Total Checkouts Full call number Barcode Date last seen Price effective from Koha item type
          Koleksioni i përgjithshem UBT - Lipjan UBT - Lipjan Koleksioni i përgjithshem 10/31/2018   721 CAR 002-3016303 10/31/2018 10/31/2018 Books
UBT Library © 2015-2024. All rights reserved University Education for Business and Technology